01724nam a2200385 a 4500001001200000003000800012006001900020007001500039008004100054010001700095020001800112020001500130020002300145020001800168040002100186035002100207050002800228082001600256100001800272245015900290260004800449300002300497500002000520505030000540533015200840630003300992650004801025650001801073650003501091650002301126655002901149710001701178856012601195999001701321ebr10228191CaPaEBRm u cr cn|||||||||080329s2008 maua s 001 0 eng d z 2006904573 z9781598631562 z159863156X z1598631578 (eISBN) z9781598631579 aCaPaEBRcCaPaEBR a(OCoLC)24361621614aQA76.76.I59bH64 2008eb04a006.7862221 aHolden, Greg.10aIntroducing Microsoft Expression Studioh[electronic resource] :busing design, web blend and media to create professional digital content /cGreg Holden. aBoston, Mass. :bCourse Technology,cc2008. axx, 524 p. :bill. aIncludes index.0 apt. I. Exploring microsoft expression studio -- pt. II. Standards-based design with expression web -- pt. III. Professional graphics with expression design -- pt. IV. Creating user experiences with expression blend -- pt. V. Managing your image files with expression media -- pt. VI. Appendices. aElectronic reproduction.bPalo Alto, Calif. :cebrary,d2013.nAvailable via World Wide Web.nAccess may be limited to ebrary affiliated libraries.00aMicrosoft Expression Studio. 0aInteractive multimediaxAuthoring programs. 0aGraphic arts. 0aWeb sitesxAuthoring programs. 0aWeb sitesxDesign. 7aElectronic books.2local2 aebrary, Inc.40uhttp://site.ebrary.com/lib/rucke/Doc?id=10228191zAn electronic book accessible through the World Wide Web; click to view c38494d38494